000 00494nam a2200181Ia 4500
003 LDD
008 181101s9999 xx 000 0 und d
020 _c125.00
040 _cLDD
100 _aAl Wasi, Akhtar
245 0 _aSir Syed ki taleemi tehreek
_cAkhtar Al Wasi
260 _aNew Delhi
_bMaktaba Jamia Ltd.
_c2004
300 _a152p.
901 _a15921
_b17-03-2017
902 _a2841
_b17-03-2017
_cF
_dPIBD
_e8U
903 _a20
_bReqst by : Mohd. Akbar
942 _2ddc
_cUR
999 _c289
_d289